<?xml version="1.0" encoding="UTF-8"?>
<record
    xmlns:xsi="http://www.w3.org/2001/XMLSchema-instance"
    xsi:schemaLocation="http://www.loc.gov/MARC21/slim http://www.loc.gov/standards/marcxml/schema/MARC21slim.xsd"
    xmlns="http://www.loc.gov/MARC21/slim">

  <leader>00418nam a22001577a 4500</leader>
  <controlfield tag="003">OSt</controlfield>
  <controlfield tag="005">20251031141250.0</controlfield>
  <controlfield tag="008">251031b        |||||||| |||| 00| 0 eng d</controlfield>
  <datafield tag="040" ind1=" " ind2=" ">
    <subfield code="c">NOIDA IIMT COLLEGE OF MANAGEMENT - MAJMC</subfield>
  </datafield>
  <datafield tag="100" ind1=" " ind2=" ">
    <subfield code="a">JETHWANEY JAISHRI , JAIN SHRUTI</subfield>
  </datafield>
  <datafield tag="245" ind1=" " ind2=" ">
    <subfield code="a">ADVERTISING MANAGEMENT</subfield>
  </datafield>
  <datafield tag="250" ind1=" " ind2=" ">
    <subfield code="a">2ND</subfield>
  </datafield>
  <datafield tag="260" ind1=" " ind2=" ">
    <subfield code="a">NEW DELHI</subfield>
    <subfield code="b">OXFORD UNIVERSITY PRESS</subfield>
    <subfield code="c">2012</subfield>
  </datafield>
  <datafield tag="300" ind1=" " ind2=" ">
    <subfield code="a">651</subfield>
  </datafield>
  <datafield tag="942" ind1=" " ind2=" ">
    <subfield code="2">ddc</subfield>
    <subfield code="c">02</subfield>
  </datafield>
  <datafield tag="999" ind1=" " ind2=" ">
    <subfield code="c">66722</subfield>
    <subfield code="d">66722</subfield>
  </datafield>
  <datafield tag="952" ind1=" " ind2=" ">
    <subfield code="0">0</subfield>
    <subfield code="1">0</subfield>
    <subfield code="2">ddc</subfield>
    <subfield code="4">0</subfield>
    <subfield code="7">0</subfield>
    <subfield code="a">32</subfield>
    <subfield code="b">32</subfield>
    <subfield code="d">2025-10-31</subfield>
    <subfield code="e">R LALL BOOK DEPOT</subfield>
    <subfield code="g">1195.00</subfield>
    <subfield code="i">GD/IN/299 / 11/10/2025</subfield>
    <subfield code="l">0</subfield>
    <subfield code="p">32-B-155</subfield>
    <subfield code="r">2025-10-31</subfield>
    <subfield code="w">2025-10-31</subfield>
    <subfield code="y">02</subfield>
  </datafield>
  <datafield tag="952" ind1=" " ind2=" ">
    <subfield code="0">0</subfield>
    <subfield code="1">0</subfield>
    <subfield code="2">ddc</subfield>
    <subfield code="4">0</subfield>
    <subfield code="7">0</subfield>
    <subfield code="a">32</subfield>
    <subfield code="b">32</subfield>
    <subfield code="d">2025-10-31</subfield>
    <subfield code="e">R LALL BOOK DEPOT</subfield>
    <subfield code="g">1195.00</subfield>
    <subfield code="i">GD/IN/299 / 11/10/2025</subfield>
    <subfield code="l">0</subfield>
    <subfield code="p">32-B-156</subfield>
    <subfield code="r">2025-10-31</subfield>
    <subfield code="w">2025-10-31</subfield>
    <subfield code="y">02</subfield>
  </datafield>
  <datafield tag="952" ind1=" " ind2=" ">
    <subfield code="0">0</subfield>
    <subfield code="1">0</subfield>
    <subfield code="2">ddc</subfield>
    <subfield code="4">0</subfield>
    <subfield code="7">0</subfield>
    <subfield code="a">32</subfield>
    <subfield code="b">32</subfield>
    <subfield code="d">2025-10-31</subfield>
    <subfield code="e">R LALL BOOK DEPOT</subfield>
    <subfield code="g">1195.00</subfield>
    <subfield code="i">GD/IN/299 / 11/10/2025</subfield>
    <subfield code="l">0</subfield>
    <subfield code="p">32-B-157</subfield>
    <subfield code="r">2025-10-31</subfield>
    <subfield code="w">2025-10-31</subfield>
    <subfield code="y">02</subfield>
  </datafield>
  <datafield tag="952" ind1=" " ind2=" ">
    <subfield code="0">0</subfield>
    <subfield code="1">0</subfield>
    <subfield code="2">ddc</subfield>
    <subfield code="4">0</subfield>
    <subfield code="7">0</subfield>
    <subfield code="a">32</subfield>
    <subfield code="b">32</subfield>
    <subfield code="d">2025-10-31</subfield>
    <subfield code="e">R LALL BOOK DEPOT</subfield>
    <subfield code="g">1195.00</subfield>
    <subfield code="i">GD/IN/299 / 11/10/2025</subfield>
    <subfield code="l">0</subfield>
    <subfield code="p">32-B-158</subfield>
    <subfield code="r">2025-10-31</subfield>
    <subfield code="w">2025-10-31</subfield>
    <subfield code="y">02</subfield>
  </datafield>
  <datafield tag="952" ind1=" " ind2=" ">
    <subfield code="0">0</subfield>
    <subfield code="1">0</subfield>
    <subfield code="2">ddc</subfield>
    <subfield code="4">0</subfield>
    <subfield code="7">0</subfield>
    <subfield code="a">32</subfield>
    <subfield code="b">32</subfield>
    <subfield code="d">2025-10-31</subfield>
    <subfield code="e">R LALL BOOK DEPOT</subfield>
    <subfield code="g">1195.00</subfield>
    <subfield code="i">GD/IN/299 / 11/10/2025</subfield>
    <subfield code="l">0</subfield>
    <subfield code="p">32-B-159</subfield>
    <subfield code="r">2025-10-31</subfield>
    <subfield code="w">2025-10-31</subfield>
    <subfield code="y">02</subfield>
  </datafield>
</record>
